Ciencias naturales 8 /
Guardado en:
| Autor Principal: | |
|---|---|
| Otros Autores: | |
| Formato: | Libro |
| Publicado: |
Buenos Aires :
Kapelusz,
1998
|
| Series: | Experiencias
|
| Materias: | |
| Etiquetas: |
Agregar Etiqueta
Sin Etiquetas, Sea el primero en etiquetar este registro!
|
| LEADER | 01337nam a22002895a 4500 | ||
|---|---|---|---|
| 001 | CEM.cems009535 | ||
| 005 | 20080229090455.0 | ||
| 008 | 130507s1998##################000#0#####d | ||
| 003 | CEMS | ||
| 020 | |a 9501307026 | ||
| 082 | 0 | 4 | |a Z570 |
| 100 | 1 | |a Aragundi, Eduardo | |
| 245 | 1 | 0 | |a Ciencias naturales 8 / |c Eduardo Aragundi , Antonio Gutiérrez |
| 260 | |a Buenos Aires : |b Kapelusz, |c 1998 | ||
| 300 | |a 259 p. | ||
| 490 | 0 | |a Experiencias | |
| 500 | |a Para 8º año Egb | ||
| 505 | 0 | |a Una caja con algunas herramientas para estudiar biología: química -- Una visita a las células -- El camino de los genes, genética y herencia -- Un viaje por el interior de nuestro cuerpo -- Un buen clima para la vida -- El estudio de las poblaciones naturales -- Anexo metodológico: el trabajo de la ciencia. | |
| 653 | |a Biología | ||
| 653 | |a Ciencias naturales | ||
| 653 | |a Ciencias naturales-8ºegb | ||
| 700 | 1 | |a Gutiérrez, Antonio | |
| 859 | |a CEMS |b BIB. CEMS - 11 de abril |h Z570 |i Ar12 |p 19306.97 |t Ej.1 |v 8º |3 8º | ||
| 859 | |a CEMS |b BIB. CEMS - 11 de abril |h Z570 |i Ar12 |p 19307.97 |t Ej.2 |v 8º |3 8º | ||
| 859 | |a CEMS |b BIB. CEMS - 11 de abril |h Z570 |i Ar12 |p 21096.01 |t Ej.3 |v 8º |3 8º | ||
| 859 | |a CEMS |b BIB. CEMS - 11 de abril |h Z570 |i Ar12 |p 21097.01 |t Ej.4 |v 8º |3 8º | ||
| 859 | |a CEMS |b BIB. CEMS - 11 de abril |h Z570 |i Ar12 |p 21098.01 |t Ej.5 |v 8º |3 8º | ||
